[Event "tht Extraliga 16/17,Labortech Ostrava-BSS Frydek Mistek"]
[Site "Frydek-Mistek"]
[Date "2016.12.11"]
[Round "4.4"]
[White "Zwardon, Vojtech"]
[Black "Rasik, Vitezslav"]
[WhiteElo "2411"]
[BlackElo "2448"]
[Result "0-1"]

1. c4  g6  2. g3  Bg7
3. Bg2  Nf6  4. Nc3
O-O  5. d3  d6
6. Bg5  h6  7. Bd2  Nc6
8. Qc1  Kh7  9. h4
e5  10. h5  g5
11. Nf3  Nd4  12. e3  Nxf3+
13. Bxf3  c6  14. Qc2
d5  15. cxd5  cxd5
16. d4+  e4  17. Be2
Be6  18. O-O-O  a6
19. Kb1  b5  20. a3
Qd7  21. Rc1  Rfc8
22. Qb3  Rcb8  23. Na2
a5  24. Rc5  Bf8
25. Rxb5  a4  26. Rxb8
axb3  27. Rxa8  Qc6
28. Rxf8  Qc2+  29. Ka1
bxa2  30. Rd1  Kg7
31. Rb8  Bg4  32. Bxg4
Nxg4  33. Rc1  Qxd2
34. Rcc8  Qxf2  35. Rg8+
Kf6  36. Rb6+  Kf5
37. Rf8  f6  38. Rd6
Qf1+  39. Kxa2  Qc4+
40. Ka1  Qc1+  41. Ka2
Qc4+  42. Ka1  Nxe3
43. Rdxf6+ Kg4  44. Rxh6  Nc2+
45. Kb1  e3  0-1

[Event "tht Extraliga 16/17,Labortech Ostrava-BSS Frydek Mistek"]
[Site "Frydek-Mistek"]
[Date "2016.12.11"]
[Round "4.5"]
[White "Kociscak, Jiri"]
[Black "Rausis, Igors"]
[WhiteElo "2478"]
[BlackElo "2599"]
[Result "0-1"]

1. d4  Nf6  2. c4  g6
3. Nf3  Bg7  4. g3
c6  5. Bg2  d5
6. O-O  O-O  7. Nbd2  Bf5
8. b3  Ne4  9. Bb2
Nd7  10. Nh4  Nxd2
11. Qxd2  Be6  12. e4
dxe4  13. Bxe4  Bh3
14. Rfe1  Qc7  15. Bg2
Bxg2  16. Kxg2  Rfe8
17. Nf3  a5  18. a4
b6  19. Re2  e6
20. Rae1  Red8  21. Ng5  Nf6
22. Qd3  Ne8  23. Qf3
Rac8  24. d5  cxd5
25. cxd5  Rxd5  26. Qxd5
exd5  27. Rxe8+  Bf8
28. Ba3  Qd7  0-1

[Event "tht Extraliga 16/17,Labortech Ostrava-BSS Frydek Mistek"]
[Site "Frydek-Mistek"]
[Date "2016.12.11"]
[Round "4.6"]
[White "Rojicek, Vojtech"]
[Black "Velicka, Petr"]
[WhiteElo "2411"]
[BlackElo "2437"]
[Result "1/2-1/2"]

1. c4  Nf6  2. Nf3  c6
3. Nc3  d5  4. e3
Bg4  5. Qb3  Qb6
6. Ne5  Be6  7. d4
Nbd7  8. Nxd7  Bxd7
9. Na4  Qxb3  10. axb3
O-O-O  11. Nc5  Kb8
12. Nxd7+  Rxd7  13. Bd2
Ne4  14. Bd3  Nxd2
15. Kxd2  1/2-1/2

[Event "tht Extraliga 16/17,Labortech Ostrava-BSS Frydek Mistek"]
[Site "Frydek-Mistek"]
[Date "2016.12.11"]
[Round "4.7"]
[White "Biolek, Richard"]
[Black "Szotkowski, Jakub"]
[WhiteElo "2452"]
[BlackElo "2390"]
[Result "1/2-1/2"]

1. c4 e5 2. Nc3 Nf6 3. e3 Nc6 4. a3 d6 5. Nge2 Be6 6. d3 h5 7. e4 g6 8. Nd5 Bg7
9. Bg5 O-O 10. g3 Bg4 11. Qd2 Bf3 12. Rg1 Bxe2 13. Bxe2 Nd4 14. Bd1 c6 15. Nxf6+
Bxf6 16. Be3 d5 17. Bxd4 exd4 18. cxd5 cxd5 19. Bf3 Bg5 20. Qd1 dxe4 21. Bxe4 h4
22. gxh4 Bxh4 23. Qf3 Kg7 24. O-O-O Rb8 25. Kb1 b5 26. Rc1 Rb6 27. Rc6 Rxc6 28.
Bxc6 Qd6 29. h3 b4 30. axb4 Qxb4 31. Bd5 Qd2 32. Rc1 Qxf2 33. Qxf2 Bxf2 34. Rc7
a5 35. Ka2 g5 36. Be4 Be3 37. Rc5 Bd2 38. Rd5 Kf6 39. Rxd4 Rh8 40. Bg2 Rh4 41.
Rxh4 gxh4 42. Bd5 1/2-1/2

[Event "tht Extraliga 16/17,Labortech Ostrava-BSS Frydek Mistek"]
[Site "Frydek-Mistek"]
[Date "2016.12.11"]
[Round "4.8"]
[White "Jasny, Stanislav"]
[Black "Talla, Vladimir"]
[WhiteElo "2355"]
[BlackElo "2437"]
[Result "1/2-1/2"]

1. d4  Nf6  2. c4  e6
3. Nf3  b6  4. g3
Bb7  5. Bg2  Be7
6. Nc3  Ne4  7. Bd2
f5  8. d5  Bf6
9. Qc2  Nd6  10. Rd1  O-O
11. O-O  Qe7  12. b3
Na6  13. a3  Nc5
14. Be3  Nce4  15. Na4
exd5  16. cxd5  c5
17. dxc6  dxc6  18. b4
Rfc8  1/2-1/2

[Event "tht Extraliga 16/17,SK Slavoj Poruba-Tatran Litovel"]
[Site "Litovel"]
[Date "2016.12.11"]
[Round "4.1"]
[White "Mista, Alexander"]
[Black "Piorun, Kacper"]
[WhiteElo "2592"]
[BlackElo "2657"]
[Result "1/2-1/2"]

1. e4  e5  2. Nf3  Nc6
3. Bb5  a6  4. Ba4
Nf6  5. O-O  Be7
6. Re1  b5  7. Bb3
d6  8. c3  O-O
9. h3  Nd7  10. d4  Bf6
11. a4  Rb8  12. axb5
axb5  13. d5  Ne7
14. Na3  g6  15. Nc2
Bg7  16. Nb4  Nc5
17. Be3  Nxb3  18. Qxb3
Bd7  19. Ra7  h6
20. c4  c5  21. dxc6
Nxc6  22. Nxc6  Bxc6
23. c5 Ra8  24. Rxa8  Qxa8
25. cxd6  Bxe4  26. Bb6
Qc6 27. Qe3  Bf5  28. Bc7
Qd5  29. Qd2  Qxd2
30. Nxd2  e4  31. g4
Bd7  32. Rxe4  f5
33. gxf5  Bxf5  34. Rb4
Bd7  35. Bb6  Rf5
36. Ne4  Rd5  37. Be3
Kf7  38. h4  Bc6
39. f3  Ke6  40. Kf2
Rd1  41. Nc3  Bxc3
42. bxc3  h5  1/2-1/2

[Event "tht Extraliga 16/17,SK Slavoj Poruba-Tatran Litovel"]
[Site "Litovel"]
[Date "2016.12.11"]
[Round "4.2"]
[White "Kanarek, Marcel"]
[Black "Bobras, Piotr"]
[WhiteElo "2526"]
[BlackElo "2523"]
[Result "1/2-1/2"]

1. d4  Nf6  2. c4  g6
3. Nc3  d5  4. cxd5
Nxd5  5. e4  Nxc3
6. bxc3  Bg7  7. Nf3
c5  8. Rb1  O-O
9. Be2  Nd7  10. O-O  Nf6
11. e5  Nd5  12. Rb3
Bd7  13. c4  Nb6 14. dxc5
Na4  15. Rxb7  Nxc5
16. Rb1  Qc7  17. Ba3
Bf5  18. Rb5  Ne6
19. Qd2  Be4 20. Qe3  Bc6
21. Rbb1  Rab8  22. Rbc1
Bxf3  23. Bxf3  Bxe5
24. g3  Bd4  25. Qe2
Bc5  26. Bb2  Nd4
27. Bxd4  Bxd4  28. Rb1
Bc5  29. Kg2  e6
30. Rfd1  Rxb1  31. Rxb1
Rd8  32. Rd1  a5
33. Rxd8+  Qxd8  34. Qd1
Qb6  35. Qc2  Qb4
36. a4  Qe1  37. Qe2
Qa1  38. Bc6  Qd4
39. Bb5  h5  40. h4
Kg7  41. Qf3  f5
42. Qf4  Qxf4  43. gxf4
1/2-1/2

[Event "tht Extraliga 16/17,SK Slavoj Poruba-Tatran Litovel"]
[Site "Litovel"]
[Date "2016.12.11"]
[Round "4.3"]
[White "Jakubowski, Krzysztof"]
[Black "Zpevak, Pavel"]
[WhiteElo "2531"]
[BlackElo "2355"]
[Result "1-0"]

1. e4  c5  2. Nf3  e6
3. d4  cxd4  4. Nxd4
Nc6  5. Nc3  Qc7
6. Be2  a6  7. O-O
Nf6  8. Kh1  Nxd4
9. Qxd4  Bc5  10. Qd3
b5  11. Bg5  Bb7
12. f4  Bb4  13. Bf3
Bxc3  14. bxc3  Qc4
15. Qxc4  bxc4  16. Rfe1
Bc6  17. Rab1  a5
18. Kg1  O-O  19. Bxf6
gxf6  20. e5  Bxf3
21. gxf3  fxe5  22. fxe5
Rab8  23. Kf2  Rfc8
24. Ke3  Kf8  25. a4
Ke7  26. Kd4  d6
27. exd6+  Kxd6  28. Rxb8
Rxb8  29. Re5  Rb2
30. Rxa5  Rxc2  31. Rh5
Ra2  32. Rxh7  Ke7
33. Kxc4  Rxa4+  34. Kb5
Rf4  35. Rh3  Rf5+
36. Kb4  Kd6  37. c4
Kc6  38. Rg3  Rf4
39. Rh3  e5  40. Rh6+
f6  41. h4  Rxf3
42. h5  e4  43. Rh8
e3  44. Kc3  e2+
45. Kd2  Re3  46. Ke1
f5  47. h6  Kb7
48. h7  1-0

[Event "tht Extraliga 16/17,SK Slavoj Poruba-Tatran Litovel"]
[Site "Litovel"]
[Date "2016.12.11"]
[Round "4.4"]
[White "Rosko, Lubos"]
[Black "Cvek, Robert"]
[WhiteElo "2357"]
[BlackElo "2519"]
[Result "1/2-1/2"]

1. d4  Nf6  2. c4  e6
3. Nf3  Bb4+  4. Nbd2
O-O  5. g3  b6
6. Bg2 Bb7  7. O-O  a5  8. Qc2
d5  9. a3  Be7
10. cxd5  exd5  11. Nb1  Nbd7
12. Nc3  c6  13. Bf4
Re8  14. Rab1  Bf8
15. Rfe1  h6 16. Ne5  Nxe5
17. Bxe5  Nd7  18. Bf4
Nf6  19. b4  axb4
20. axb4  b5  21. h3
Qb6  22. Qd3  Rad8
23. Be5  Nd7  24. Bf4
Nf6  25. Be5  Nd7
26. Bf4  Nf6 27. Be5 1/2-1/2

[Event "tht Extraliga 16/17,SK Slavoj Poruba-Tatran Litovel"]
[Site "Litovel"]
[Date "2016.12.11"]
[Round "4.5"]
[White "Kanovsky, David"]
[Black "Studnicka, Tomas"]
[WhiteElo "2410"]
[BlackElo "2329"]
[Result "1-0"]

1. c4  c5  2. Nc3  Nc6
3. g3  g6  4. Bg2
Bg7  5. a3  e5
6. b4  d6  7. Rb1  Nge7
8. d3  O-O  9. e3
Bf5  10. Nge2  Qd7
11. O-O  Rac8  12. Nd5
cxb4  13. axb4  Nxd5
14. cxd5  Ne7  15. b5
Qc7  16. e4  Bg4
17. h3  Bd7  18. Be3
f5  19. Qd2  Qc2
20. Rfd1  b6  21. Bf1
Rc7  22. Qb4  Rc5
23. Rd2  Qxb1  24. Qxb1 Rxb5
25. Rb2  Rxb2  26. Qxb2
Rb8  27. Qa3  Nc8
28. exf5  gxf5  29. d4
e4  30. Nc3  Bf8
31. Bb5  Bxb5  32. Nxb5
a5  33. Bf4  Ra8
34. Qc1  a4  35. Qc6
1-0

[Event "tht Extraliga 16/17,SK Slavoj Poruba-Tatran Litovel"]
[Site "Litovel"]
[Date "2016.12.11"]
[Round "4.6"]
[White "Butkiewicz, Lukasz"]
[Black "Malinovsky, Karel"]
[WhiteElo "2447"]
[BlackElo "2455"]
[Result "1/2-1/2"]

1. d4  d5  2. c4  e6
3. Nc3  Nf6  4. Bg5
Be7  5. cxd5  exd5
6. e3  c6  7. Bd3
Nbd7  8. Nf3  O-O
9. O-O  Re8  10. Qc2
Nf8  11. h3  g6
12. Rab1  Ne6  13. Bh4  Ng7
14. b4  a6  15. Na4
Nf5  16. Bxf6  Bxf6
17. Nc5  Be7  18. Rbc1
Rb8  19. a4  Bd6
20. Rfe1 Nh4  21. Nxh4  Qxh4
22. Bf1  Bf5  23. Qd2
Qd8  24. Bd3 Bc8 25. Rb1  Bc7
26. Bf1  h5  27. Rb3
Qd6  28. f4  g5
29. Nd3  Bf5  30. Qd1  Bxd3
31. Rxd3  gxf4  32. Qxh5
Re6  33. Re2  Rbe8
34. Qg4+  Kf8  35. exf4
Qxf4  36. Qxf4  Bxf4
37. Rxe6  Rxe6  38. Kf2
Bd6  39. b5  axb5
40. axb5  c5  41. dxc5
1/2-1/2

[Event "tht Extraliga 16/17,SK Slavoj Poruba-Tatran Litovel"]
[Site "Litovel"]
[Date "2016.12.11"]
[Round "4.7"]
[White "Caletka, Radomir"]
[Black "Kuchynka, Lukas"]
[WhiteElo "2393"]
[BlackElo "2277"]
[Result "1/2-1/2"]

1. c4  Nf6  2. g3  c6
3. Bg2  d5  4. Nf3
Bg4  5. Ne5  Be6
6. cxd5  Bxd5  7. Nf3
c5  8. Nc3  Bc6
9. O-O  Nbd7  10. b3  e6
11. Bb2  Be7  12. Qc2
Rc8  13. Rac1  O-O
14. Rfd1  Qb6  15. Qb1
Rfd8  16. Qa1  Bf8
17. d3  Ne8  18. Nb1
f6  19. Nbd2  Qa6
20. Bh3  e5 21. Nh4  Bd5
22. Nc4  Be6  23. Bf1
Nc7  24. e3  b5
25. Nd2  Qb7  26. Re1 Bd5 27. Bh3
Be6  28. Bf1  Bd5
29. Rc2  Na6  30. Bc3
Nab8  31. Qd1  1/2-1/2

[Event "tht Extraliga 16/17,SK Slavoj Poruba-Tatran Litovel"]
[Site "Litovel"]
[Date "2016.12.11"]
[Round "4.8"]
[White "Straka, Vojtech"]
[Black "Adamek, Jiri"]
[WhiteElo "2358"]
[BlackElo "2382"]
[Result "1/2-1/2"]

1. c4 e6 2. Nf3 d5 3. d4 Nf6 4. Nc3 Be7 5. Bg5 O-O 6. e3 h6 7. Bh4 b6 8. cxd5
Nxd5 9. Bxe7 Qxe7 10. Nxd5 exd5 11. Qb3 Be6 12. Rc1 Rc8 13. Be2 c5 14. Qa3 a5 15.
O-O Qa7 16. dxc5 bxc5 17. Rc3 1/2-1/2

[Event "tht Extraliga 16/17,Rapid Pardubice-Unichess"]
[Site "Praha"]
[Date "2016.12.11"]
[Round "4.1"]
[White "Rodshtein, Maxim"]
[Black "Michalik, Peter"]
[WhiteElo "2695"]
[BlackElo "2551"]
[Result "1/2-1/2"]

1. c4  c6  2. Nf3  d5
3. d4  Nf6  4. g3
g6  5. Bg2  Bg7
6. O-O  O-O  7. Nbd2  Ne4
8. b3  c5  9. Bb2
Nxd2  10. Qxd2  dxc4
11. bxc4  cxd4  12. Bxd4
Nc6  13. Bxg7  Qxd2
14. Nxd2  Kxg7  15. Rab1
Rd8  16. Ne4  b6
17. c5  Be6  18. a4
Rab8  1/2-1/2

[Event "tht Extraliga 16/17,Rapid Pardubice-Unichess"]
[Site "Praha"]
[Date "2016.12.11"]
[Round "4.2"]
[White "Cernousek, Lukas"]
[Black "Movsesian, Sergei"]
[WhiteElo "2463"]
[BlackElo "2673"]
[Result "0-1"]

1. e4 c5 2. Nf3 e6 3. d4 cxd4 4. Nxd4 a6 5. Bd3 Bc5 6. Nb3 Be7 7. Qg4 g6 8. Qe2
Nc6 9. O-O d6 10. Rd1 Qc7 11. Be3 Nf6 12. N1d2 Nd7 13. a4 b6 14. a5 b5 15. c4 b4
16. Rdc1 Nce5 17. Bb1 O-O 18. Nd4 Nc5 19. N2b3 Ned7 20. Nxc5 Nxc5 21. Bc2 Bf6 22.
f3 Bb7 23. Bd1 Be5 24. Nb3 Qe7 25. f4 Bg7 26. Nxc5 dxc5 27. Qf2 Rac8 28. Bf3 e5
29. f5 gxf5 30. exf5 e4 31. Bg4 Qf6 32. Bxc5 h5 33. Bh3 Rfe8 34. Bxb4 e3 35. Qe1
Qg5 36. Bc3 Bh6 37. Qe2 Re4 38. b3 Rh4 39. Kf1 Rf4+ 40. Ke1 Rf2 41. Qd3 Rd8 0-1

[Event "tht Extraliga 16/17,Rapid Pardubice-Unichess"]
[Site "Praha"]
[Date "2016.12.11"]
[Round "4.3"]
[White "Dragun, Kamil"]
[Black "Bernasek, Jan"]
[WhiteElo "2620"]
[BlackElo "2503"]
[Result "1/2-1/2"]

1. d4  Nf6  2. c4  e6
3. Nf3  b6  4. g3
Ba6  5. Qb3  Nc6
6. Nbd2  Na5  7. Qa4
Bb7  8. Bg2  Be7
9. O-O  c5  10. dxc5
bxc5  11. Ne5  Bxg2
12. Kxg2  O-O  13. Ndf3
Qc7  14. Rd1  d6
15. Bd2  Nb7  16. Nc6
Rfc8  17. Nxe7+  Qxe7
18. Bg5  Qd7  19. Qxd7
Nxd7  20. Nd2  Nb6
21. Rac1  Rc6  22. e4
a5  23. Nb1  a4
24. Na3  Na5  25. Bd2  Kf8
26. f4  Ke7  27. Be3
Rb8  28. Bd2  Ra8
29. Rc2  f6  30. g4
e5  31. f5  Rcc8
32. Bxa5  Rxa5  33. h4
h6  34. Kf3  Rd8
35. Ke3  Kd7  36. Rh2
Kc6  37. g5  hxg5
38. hxg5  Raa8  39. g6
Rh8  40. Rdh1  Rhg8
41. Kd3  Rab8  42. Kc3
Na8  43. Nc2  Nc7
44. Ne3  Ra8  45. Rh7
Rab8  46. b3  axb3
47. axb3  Ra8  48. Kb2
Kb6  49. Ra1  Rxa1
50. Kxa1  Kc6  51. Kb2
Kb6  52. Kc3  Kc6
53. Nf1  Kb6  54. Ng3
Kc6  55. Nh5  Ne8
56. Ng3  Nc7  57. Nh5
1/2-1/2

[Event "tht Extraliga 16/17,Rapid Pardubice-Unichess"]
[Site "Praha"]
[Date "2016.12.11"]
[Round "4.4"]
[White "Jirka, Jiri"]
[Black "Votava, Jan"]
[WhiteElo "2431"]
[BlackElo "2517"]
[Result "0-1"]

1. d4  Nf6  2. c4  g6
3. g3  c6  4. Bg2
d5  5. Nf3  Bg7
6. cxd5  cxd5  7. Ne5  O-O
8. Nc3  e6  9. O-O
Nfd7  10. f4  f6
11. Nd3  Nc6  12. e3
f5  13. Ne5  Nf6
14. Nxc6  bxc6  15. Rf2
g5  16. Rc2  gxf4
17. gxf4  Kh8  18. Na4
Rg8  19. Nc5  Bd7
20. Bd2  Ne4  21. Bxe4
fxe4  22. Kh1  Be8
23. Be1  Qf6  24. Qg4
Qh6  25. Qxe6  Qh5
26. Rf2  Rb8  27. Bc3
Bf7  28. Qxc6  Rb6
29. Qc7  Be8  30. f5
Qg5  31. Qf4  Qxf4
32. Rxf4  Bh6  33. Raf1
Bxf4  34. Rxf4  Bh5
35. Nxe4  dxe4  36. d5+
Rg7  37. h4  Kg8
38. Kh2  Rd7  39. Rxe4
Rxd5  40. Rf4  Rd3
41. Bd4  Rc6  42. Kg3
Rc1  43. Rf2  Rdd1
44. Bxa7  Rg1+  45. Kf4
Rgf1  46. Rxf1  Rxf1+
47. Ke5  Rh1  48. a4
Rxh4  49. Bd4  Bf3
50. b4  Re4+  51. Kf6
h5  52. b5  h4
53. b6  h3  54. b7  Re8
0-1

[Event "tht Extraliga 16/17,Rapid Pardubice-Unichess"]
[Site "Praha"]
[Date "2016.12.11"]
[Round "4.5"]
[White "Petr, Martin"]
[Black "Vavra, Pavel"]
[WhiteElo "2500"]
[BlackElo "2401"]
[Result "1-0"]

1. Nf3  d5  2. g3  Nf6
3. Bg2  c6  4. O-O
Bf5  5. d3  e6
6. Nh4  Bg4  7. h3  Bh5
8. Qe1  Be7  9. e4
Nfd7  10. Nf3  Na6
11. a3  O-O  12. Nc3
Nc7  13. g4  Bg6
14. Bf4  d4  15. Bxc7
Qxc7  16. Nxd4  h5
17. gxh5  Bxh5  18. Kh1
g5  19. Nde2  Bd6
20. f4  Kg7  21. Qg3
Be7  22. e5  Rh8
23. d4  Rag8  24. fxg5
c5  25. Rae1  Bg6
26. d5  Qxe5  27. dxe6
Qxg3  28. Nxg3  fxe6
29. Rxe6  Bxg5  30. Nf5+
Kh7  31. Ne4  Bd8
32. Rd6  Ne5  33. Rxd8
1-0

[Event "tht Extraliga 16/17,Rapid Pardubice-Unichess"]
[Site "Praha"]
[Date "2016.12.11"]
[Round "4.6"]
[White "Simek, Petr"]
[Black "Marek, Matyas"]
[WhiteElo "2384"]
[BlackElo "2373"]
[Result "1-0"]

1. d4  e6  2. c4  Bb4+
3. Bd2  a5  4. a3
Bxd2+ 5. Qxd2  d5  6. e3
Nf6  7. Nc3  O-O
8. Nf3  b6  9. cxd5
exd5  10. Bd3  Bb7
11. O-O  Nbd7  12. Rac1
Qe7  13. Qc2  Rac8
14. Bf5  g6  15. Bh3
Ne8  16. Qb3  Qd6
17. Nb5  Qe7  18. Nc3
Qd6  19. Nb5  Qe7
20. Ne5  f5  21. Na7
Ra8  22. Nac6  Qd6
23. e4  Kh8  24. exf5
gxf5  25. Rfe1  Ng7
26. Nxd7  Qxd7  27. Ne5
Qd6  28. Qg3  Rac8
29. Nd3  Qf6  30. Qe5
c6  31. Qxf6  Rxf6
32. Re7  Ba6  33. Nf4
Bc4  34. g3  Rd6
35. Re5  Rf8  36. Bf1
b5  37. Bh3  Kg8
38. Rce1  Rf7  39. f3
Kf8  40. Kf2  Rdf6
41. Bf1  a4  42. Bd3
Rb7  43. R1e2  b4
44. Bxc4  dxc4  45. Ra5
bxa3  46. bxa3  Rd6
47. Rxa4  Rxd4  48. Rc2
Rb3  49. Raxc4  Rxc4
50. Rxc4  Rxa3  51. Rxc6
Ra2+  52. Ne2  Kf7
53. Rh6  Kg8  54. Rf6
Ra5  55. Nd4  Ra2+
56. Ne2  Ra5  57. Nd4
Ra2+  58. Kg1  Ra5
59. Nc6  Ra1+  60. Kg2
Re1  61. Nd4  Re5
62. f4  Rd5  63. Nc6
Rd7  64. Ne5  Rd2+
65. Kh3  Rc2  66. Nf7
Ne8  67. Rxf5  Kg7
68. Nd8  Nf6  69. Rg5+
Kf8  70. Ne6+  Kf7
71. Nd4  Ra2  72. Nf5
Ne4  73. Nh6+  Kf6
74. Ng4+  Kf7  75. Re5
Nd6  76. Kh4  Ne8
77. Kg5  Ra6  78. f5
Ng7  79. Nh6+  Kf8
80. h4  Ne8  81. Rb5
Nf6  82. Rb8+  Kg7
83. Rb7+  Kh8  84. Nf7+
Kg8  85. Nd8  h6+
86. Kxh6  Ne4+  87. Ne6
Nxg3  88. Kg6  Ra8
89. f6  1-0

[Event "tht Extraliga 16/17,Rapid Pardubice-Unichess"]
[Site "Praha"]
[Date "2016.12.11"]
[Round "4.7"]
[White "Jirovsky, Milos"]
[Black "Jurcik, Martin"]
[WhiteElo "2441"]
[BlackElo "2341"]
[Result "1/2-1/2"]

1. Nf3  Nf6  2. c4  e6
3. g3  d5  4. Bg2
dxc4  5. Qa4+  Nbd7
6. O-O  a6  7. Qxc4
b5  8. Qc2  Bb7
9. a4  c5  10. d3  Be7
11. axb5  axb5  12. Rxa8
Qxa8  13. Na3  Bc6
14. Bg5  O-O  15. Ne1
Rb8  16. Bxc6  Qxc6
17. Nf3  Qa6  18. Rc1
h6  19. Bxf6  Bxf6
20. Nb1  Qa4  21. b3
Qa5  22. Nbd2  Be7
23. Ne4  f5  24. Ned2
Bf6  25. e4  Rf8
26. Kg2  Qa8  27. Re1
Kh8  28. h4  Rc8
29. Rc1  Rf8  30. Qb1
Qa6  31. Rc2  Ra8
32. Qe1  Qd6  33. Qe2
Kh7  34. exf5  exf5
35. d4  Rb8  36. dxc5
Nxc5  37. Qe3  Nd3
38. Qa7  Rd8  39. Qb7
Qd5  40. Qxd5  1/2-1/2

[Event "tht Extraliga 16/17,Rapid Pardubice-Unichess"]
[Site "Praha"]
[Date "2016.12.11"]
[Round "4.8"]
[White "Rehorek, Martin"]
[Black "Pulpan, Jakub"]
[WhiteElo "2259"]
[BlackElo "2401"]
[Result "0-1"]

1. e4  c5  2. Nf3  d6
3. d4  cxd4  4. Nxd4
Nf6  5. Nc3  a6
6. h3  e5  7. Nde2  h5
8. g3  b5  9. Bg2
Bb7  10. Bg5  Be7
11. Bxf6  Bxf6  12. Nd5
h4  13. Qd2  Nd7
14. O-O-O  O-O  15. Kb1
Nb6  16. Nxb6  Qxb6
17. Nc3  b4  18. Nd5
Bxd5  19. exd5  a5
20. Be4  b3  21. cxb3
a4  22. gxh4  axb3
23. a3  Ra4  24. f3
Bxh4  25. Rdg1  Kh8
26. Qg2  g6  27. Qd2
Kg7  28. Rg4  Qf2
29. Qc3  Rxa3  30. Rhg1
Ra7  31. R4g2  Rfa8
32. Kc1  Ra1+  33. Bb1
Bg5+  34. Rxg5  Rc8
0-1

[Event "tht Extraliga 16/17,SK AD Jicin-Novy Bor"]
[Site "Praha"]
[Date "2016.12.11"]
[Round "4.1"]
[White "Sethuraman, S.P."]
[Black "Navara, David"]
[WhiteElo "2647"]
[BlackElo "2725"]
[Result "0-1"]
[PlyCount "110"]

1. e4 c5 2. Nf3 d6 3. d4 cxd4 4. Nxd4 Nf6 5. Nc3 a6 6. Bc4 e6 7. Be3 Be7 8. Bb3
b5 9. f3 O-O 10. Qd2 Bb7 11. O-O-O Nc6 12. h4 Nd7 13. Nxc6 Bxc6 14. Bf4 a5 15.
a4 b4 16. Ne2 Nb6 17. Bxd6 Bxa4 18. Bxa4 Nxa4 19. Qd4 Bxd6 20. Qxd6 Qc8 21. Rd4
Ra6 22. Qd7 e5 23. Rd2 Nc5 24. Qxc8 Rxc8 25. Kb1 Rac6 26. Rhd1 Ne6 27. c3 g6
28. g3 Rb8 29. Rd6 Rc4 30. Ka2 a4 31. R1d5 Rcc8 32. cxb4 Rxb4 33. Nc3 Rcb8 34.
Rd2 Nd4 35. f4 Kg7 36. fxe5 Nf3 37. Re2 Nxe5 38. Rdd2 Rb3 39. Nxa4 Rxg3 40. Nc3
Nd3 41. Rg2 Nc1+ 42. Ka3 Ra8+ 43. Kb4 Nd3+ 44. Kb3 Rb8+ 45. Ka2 Re3 46. Kb1 Ne5
47. Rc2 h5 48. Rh2 Ng4 49. Rhe2 Rh3 50. Nd5 Rxh4 51. Rc7 Rh1+ 52. Kc2 Rf1 53.
Ne7 h4 54. Nc6 Rh8 55. e5 h3 0-1

[Event "tht Extraliga 16/17,SK AD Jicin-Novy Bor"]
[Site "Praha"]
[Date "2016.12.11"]
[Round "4.2"]
[White "Wojtaszek, Radoslaw"]
[Black "Socko, Bartosz"]
[WhiteElo "2749"]
[BlackElo "2613"]
[Result "1-0"]
[PlyCount "95"]

1. d4 d5 2. c4 dxc4 3. e4 e5 4. Nf3 exd4 5. Bxc4 Nc6 6. O-O Be6 7. Bxe6 fxe6 8.
Qb3 Qd7 9. Qxb7 Rb8 10. Qa6 Nf6 11. Nbd2 Bb4 12. Qd3 Bxd2 13. Bxd2 Rxb2 14.
Rac1 O-O 15. Rc5 Rfb8 16. Rfc1 R8b6 17. h3 h6 18. a4 Ne8 19. Bc3 R2b3 20. a5
Rb8 21. Qd1 R3b5 22. Rxc6 Qxc6 23. Nxd4 Qxe4 24. Nxb5 Rxb5 25. Qd7 Rb8 26. Re1
Qd5 27. Qxe6+ Qxe6 28. Rxe6 Kf7 29. Ra6 Nd6 30. Be5 Nb5 31. Rc6 Re8 32. f4 h5
33. Kf2 Re7 34. Kg3 g5 35. Rc5 gxf4+ 36. Bxf4 Nd4 37. Rxh5 Kg6 38. Kg4 Re2 39.
g3 Ne6 40. Re5 Rxe5 41. Bxe5 c5 42. h4 c4 43. h5+ Kh6 44. Kf5 Nc5 45. g4 Nd3
46. Bc3 Nf2 47. Bd2+ Kh7 48. g5 1-0

[Event "tht Extraliga 16/17,SK AD Jicin-Novy Bor"]
[Site "Praha"]
[Date "2016.12.11"]
[Round "4.3"]
[White "Bulski, Krzysztof"]
[Black "Shirov, Alexej"]
[WhiteElo "2519"]
[BlackElo "2673"]
[Result "1/2-1/2"]
[PlyCount "53"]

1. d4 d5 2. c4 c6 3. Nc3 Nf6 4. e3 e6 5. Nf3 Nbd7 6. Bd3 dxc4 7. Bxc4 b5 8. Bd3
Bb7 9. a3 Bd6 10. O-O O-O 11. Qc2 Rc8 12. b4 c5 13. bxc5 Bxf3 14. gxf3 Nxc5 15.
dxc5 Rxc5 16. f4 Nd5 17. Bb2 Nxc3 18. Bxc3 Qc7 19. Rfc1 Rc8 20. Bb4 Rxc2 21.
Rxc2 Qxc2 22. Bxc2 Bxb4 23. axb4 Rxc2 24. Rxa7 g5 25. Rb7 gxf4 26. exf4 Rc4 27.
Rxb5 1/2-1/2

[Event "tht Extraliga 16/17,SK AD Jicin-Novy Bor"]
[Site "Praha"]
[Date "2016.12.11"]
[Round "4.4"]
[White "Laznicka, Viktor"]
[Black "Bures, Jaroslav"]
[WhiteElo "2661"]
[BlackElo "2388"]
[Result "1-0"]
[PlyCount "89"]

1. e4 c6 2. d4 d5 3. e5 Bf5 4. Nf3 e6 5. Be2 Nd7 6. O-O Bg6 7. Nbd2 Nh6 8. a4
Be7 9. a5 O-O 10. c4 f6 11. exf6 Bxf6 12. Nb3 Nf5 13. Bf4 Bh5 14. Rc1 g5 15.
Bd2 Bxf3 16. Bxf3 Nxd4 17. Nxd4 Bxd4 18. cxd5 cxd5 19. Bb4 Rf4 20. g3 Bxf2+ 21.
Rxf2 Rxb4 22. Qe1 Qe7 23. Bxd5 Nf8 24. a6 Rd8 25. Bxb7 Rbd4 26. Qe3 Ng6 27.
Rcf1 Kg7 28. b4 e5 29. b5 e4 30. b6 axb6 31. Rf7+ Qxf7 32. Rxf7+ Kxf7 33. a7
Rd1+ 34. Kg2 Nf4+ 35. gxf4 R8d2+ 36. Kh3 Rd3 37. a8=Q Rxe3+ 38. Kg4 gxf4 39.
Bd5+ Ke7 40. Kxf4 Rf3+ 41. Ke5 Rdf1 42. Qb7+ Kf8 43. Qxh7 Rf5+ 44. Kd6 e3 45.
Qe7# 1-0

[Event "tht Extraliga 16/17,SK AD Jicin-Novy Bor"]
[Site "Praha"]
[Date "2016.12.11"]
[Round "4.5"]
[White "Kraus, Tomas"]
[Black "Bartel, Mateusz"]
[WhiteElo "2403"]
[BlackElo "2641"]
[Result "1-0"]
[PlyCount "131"]

1. d4 f5 2. g3 Nf6 3. Bg2 g6 4. c4 Bg7 5. Nc3 O-O 6. Nh3 d6 7. d5 e5 8. dxe6 c6
9. O-O Bxe6 10. Qb3 Qe7 11. Ng5 Bf7 12. Bf4 Na6 13. Rad1 Rad8 14. Qa3 Ne8 15.
Nxf7 Rxf7 16. Bxc6 bxc6 17. Qxa6 Qb7 18. Qa3 Rb8 19. Rd2 Qb4 20. Qa6 Qb7 21.
Qxb7 Rbxb7 22. Na4 Bf8 23. f3 h6 24. b3 Kh7 25. Rfd1 Rf6 26. Nc3 Re6 27. e4 Rf7
28. exf5 Rxf5 29. Re2 Rxe2 30. Nxe2 g5 31. Be3 c5 32. f4 Nf6 33. h3 g4 34. hxg4
Nxg4 35. Bf2 Rh5 36. Nc3 Kg6 37. Ne4 Kf5 38. Rd5+ Kg6 39. Rxh5 Kxh5 40. Kg2 Kg6
41. Bg1 Kf5 42. Kf3 h5 43. Nc3 a6 44. Nd5 Bg7 45. Nc7 a5 46. Nd5 Bb2 47. Ne3+
Nxe3 48. Bxe3 Bf6 49. Bd2 Bd8 50. Bc3 Bc7 51. Bg7 Kg6 52. Bf8 Kf7 53. Bh6 Kg6
54. Bg5 Kf5 55. Bh4 Bb6 56. Ke3 Bc7 57. Kd3 Bb6 58. Kc3 Ke4 59. Kb2 a4 60. bxa4
d5 61. cxd5 Kxd5 62. f5 c4 63. f6 Bd4+ 64. Kc2 Ke6 65. a5 Kf7 66. a6 1-0

[Event "tht Extraliga 16/17,SK AD Jicin-Novy Bor"]
[Site "Praha"]
[Date "2016.12.11"]
[Round "4.6"]
[White "Hracek, Zbynek"]
[Black "Vykouk, Jan"]
[WhiteElo "2608"]
[BlackElo "2443"]
[Result "1/2-1/2"]
[PlyCount "50"]

1. Nf3 d5 2. d4 Nf6 3. c4 c6 4. e3 g6 5. Nc3 Bg7 6. Be2 O-O 7. O-O Bg4 8. h3
Bxf3 9. Bxf3 e6 10. b4 dxc4 11. Qe2 Nbd7 12. Qxc4 e5 13. Rd1 exd4 14. exd4 Nb6
15. Qb3 Nbd5 16. b5 Nxc3 17. Qxc3 Nd5 18. Qc4 Rc8 19. a4 Qh4 20. bxc6 bxc6 21.
a5 h5 22. Ba3 Rfe8 23. Bc5 Nf4 24. Re1 Qf6 25. Qb3 a6 1/2-1/2